[Event "Rilton Cup 36th"]
[Site "Stockholm"]
[Date "2006.12.28"]
[Round "2"]
[White "Akesson, Joel"]
[Black "Ostling, Hakan"]
[Result "1/2-1/2"]
[WhiteElo "2338"]
[BlackElo "2138"]
[PlyCount "68"]
[EventDate "2006.12.27"]
[EventType "swiss"]
[EventRounds "9"]
[EventCountry "SWE"]
[SourceTitle "CBM 116 Extra"]
[Source "ChessBase"]
[SourceDate "2007.03.07"]
[SourceVersion "1"]
[SourceVersionDate "2007.03.07"]
[SourceQuality "1"]

1. d4 e6 2. c4 Nf6 3. Nf3 d5 4. Bg5 dxc4 5. Nc3 Nbd7 6. e4 h6 7. Bxf6 Nxf6 8. Bxc4 Be7 9. 0-0 0-0 10. Qe2 c6 11. Rfd1 b5 12. Bb3 b4 13. Na4 Qa5 14. Rac1 Ba6 15. Qe1 Nd7 16. d5 cxd5 17. exd5 e5 18. Nd4 Bg5 19. Nc6 Qb5 20. Rc2 Rfe8 21. Rc4 e4 22. Rxb4 Qe2 23. Qxe2 Bxe2 24. Re1 Bd3 25. Rb7 Bd2 26. Rd1 e3 27. fxe3 Bxe3+ 28. Kh1 Nc5 29. Nxc5 Bxc5 30. d6 Re2 31. Rxf7 Kh7 32. Re7 Rf2 33. Rf7 Re2 34. Re7 Rf8 1/2-1/2